Najtrudniejsze języki na świecie - Statystyki

Ogólne statystyki
  • Ten quiz został rozwiązany 121 razy
  • Średni wynik to 5 z 10
Statystyki odpowiedzi
Miejsce Język % Poprawnych
9 Polski
93%
3 Japoński
85%
4 Koreański
65%
1 Mandaryński
58%
2 Arabski
55%
5 Węgierski
43%
8 Fiński
37%
10 Islandzki
20%
6 Baskijski
3%
7 Nawaho
1%
Nie znaleziono quizów pasujących do podanych kryteriów
Rozkład punktacji
Procent ludzi z każdym wynikiem
Percentyl według liczby udzielonych odpowiedzi
Twoja historia wyników
Nie rozwiązałeś tego quizu